El curriculum: más allá de la teoría de la reproducción
El principal objetivo de esta obra es ofrecer sugerencias que faciliten la redefinición del campo curricular desde una perspectiva crítica.
محفوظ في:
| المؤلف الرئيسي: | |
|---|---|
| التنسيق: | كتاب |
| اللغة: | Spanish |
| منشور في: |
Madrid:
Morata,
1988
|
| الطبعة: | 2 ed. |
| سلاسل: | Pedagogía
|
| الموضوعات: | |
| الوصول للمادة أونلاين: | Enlace del recurso |
| الوسوم: |
إضافة وسم
لا توجد وسوم, كن أول من يضع وسما على هذه التسجيلة!
|
MARC
| LEADER | 00000nam a2200000 a 4500 | ||
|---|---|---|---|
| 001 | 000858 | ||
| 008 | 030410s1988 sp # fr# #000|0#spa#d | ||
| 020 | |a 84-7112-323-1 | ||
| 041 | 0 | |a spa | |
| 043 | |a e-sp--- | ||
| 082 | 0 | 4 | |a 375 |b K255c |
| 100 | 1 | |a Kemmis, Stephen | |
| 245 | 1 | 3 | |a El curriculum: |b más allá de la teoría de la reproducción |c Stephen Kemmis |
| 250 | |a 2 ed. | ||
| 260 | |a Madrid: |b Morata, |c 1988 | ||
| 300 | |a 171 p. | ||
| 440 | 0 | |a Pedagogía | |
| 504 | |a Incluye bibliografía. | ||
| 520 | 3 | |a El principal objetivo de esta obra es ofrecer sugerencias que faciliten la redefinición del campo curricular desde una perspectiva crítica. | |
| 534 | |p Título original: |t Curriculum theorising : beyond reproduction theory | ||
| 650 | 1 | 4 | |a CURRICULO |
| 650 | 1 | 4 | |a EVALUACIÓN CURRICULAR |
| 999 | |c 3010 |d 3010 | ||
| 856 | |u https://catalogo.idep.edu.co/cgi-bin/koha/opac-detail.pl?biblionumber=3010 |z Enlace del recurso | ||